000 00710nam a22002055i 4500
001 68546
003 ES-MaACL
005 20250906063049.0
007 t|
008 960808s1859 sp ||||1| spa d
040 _aCAM
_bspa
_cCAM
080 _a821.134.2-82"18"
100 1 _aGarrido, Fernando,
_d1821-1883
_955672
245 1 0 _aObras escogidas de Fernando Garrido ... /
_cprecedidas de un prólogo por Francisco Pi y Margall.
260 _aBarcelona :
_bLibrería de Salvador Manero,
_c1859 (
_fImp. de El Porvenir)
300 _a2 t. en 1 v. ( XI, 423; [4], 296 p.) ;
_c34 cm.
700 1 _aPi y Margall, Francisco,
_d1824-1901
_991732
852 _aES-MaACL
_jC-1475
999 _c68546
_d68546